Aasian 10 eteläisintä valtiota - Statistics

Yleistilastot
  • Tätä visaa on pelattu 1 841 kertaa
  • Keskiarvotulos 9 / 10
Vastaustilastot
Leveyspiiri Valtio % Oikein
11°00'S Indonesia
97%
06°44'N Intia
92%
05°37'N Thaimaa
92%
05°55'N Sri Lanka
88%
00°51'N Malesia
87%
01°09'N Singapore
86%
04°35'N Filippiinit
85%
09°30'S Itä-Timor
82%
00°42'S Malediivit
76%
04°00'N Brunei
73%
Ehtoja vastaavia visoja ei löytynyt
Tulosjakauma
Jokaisen tuloksen saaneiden osuus
Persentiili vastausten määrän mukaan
Tuloshistoriasi
Et ole pelannut tätä visaa